000 02245cam a2200421 a 4500
001 17330507
003 NUST
005 20211122103113.0
008 120604s2011 nyua b 001 0 eng d
010 _a 2012406149
016 7 _a015813027
_2Uk
020 _a9780071622837
035 _a(OCoLC)ocn748242487
038 _akhadija
040 _aSIRPL
_cSIRPL
_dBTCTA
_dYDXCP
_dUKMGB
_dBKX
_dBWX
_dCDX
_dDEBBG
_dDRB
_dBDX
_dSZR
_dDLC
042 _alccopycat
050 0 0 _aHF5413
_b.W36 2011
082 0 4 _a658.1
_223
_bWAN
100 1 _aWang, Hsiao-Fan.
_919117
245 1 0 _aGreen supply chain management :
_bproduct life cycle approach /
_cHsiao-Fan Wang, Surendra M. Gupta.
260 _aNew York :
_bMcGraw Hill,
_cc2011.
300 _axvii, 302 p. :
_bill. ;
_c24 cm.
504 _aIncludes bibliographical references and index.
505 0 _aMathematical background -- Green engineering -- Green materials -- Environmental design -- Green procurement: vendor selection with risk analysis -- Green production: manufacture and remanufacture in certain and uncertain environments -- Green logistics: recycling with certain and uncertain situations -- Green customers: features and identification -- End-of-life management: Disassembly and reuse -- Database for life cycle assessment: procedure with database -- Web-based information support systems.
563 _aHB
650 0 _aGreen products.
_919118
650 0 _aBusiness logistics.
_919058
650 0 7 _aNachhaltigkeit.
_2swd
_919119
650 0 7 _aSupply Chain Management.
_2swd
_919120
700 1 _aGupta, Surendra M.
_919121
856 _uhttp://bvbr.bib-bvb.de:8991/F?func=service&doc_library=BVB01&doc_number=024522759&line_number=0001&func_code=DB_RECORDS&service_type=MEDIA
_zInhaltsverzeichnis
856 4 2 _3Contributor biographical information
_uhttp://www.loc.gov/catdir/enhancements/fy1212/2012406149-b.html
856 4 2 _3Publisher description
_uhttp://www.loc.gov/catdir/enhancements/fy1212/2012406149-d.html
856 4 1 _3Table of contents only
_uhttp://www.loc.gov/catdir/enhancements/fy1212/2012406149-t.html
906 _a7
_bcbc
_ccopycat
_d2
_encip
_f20
_gy-gencatlg
942 _2ddc
_cBK
999 _c527715
_d527715